00393nam a22001457a 4500003000400000005001700004008004100021020002200062040002900084050002300113100002100136245005000157260002800207300001200235OSt20250415142839.0250415b |||||||| |||| 00| 0 eng d a978-0-415-74667-0 cchuka university library aGB661.2b.L58 2014 aHastrup, Kirsten aliving with environmental changebwaterworlds alondonbRoutledgec2014 axv,301p